[Event "Dortmund Sparkassen op-B"]
[Site "Dortmund"]
[Date "2008.07.03"]
[Round "5"]
[White "Hennrotte, Nils"]
[Black "Weiss, Malte"]
[Result "1/2-1/2"]
[WhiteElo "1473"]
[BlackElo "1659"]
[PlyCount "58"]
[EventDate "2008.06.30"]
[EventType "swiss"]
[EventRounds "9"]
[EventCountry "GER"]
[SourceTitle "EXT 2022"]
[Source "ChessBase"]
[SourceDate "2021.10.06"]
[SourceVersion "1"]
[SourceVersionDate "2021.10.06"]
[SourceQuality "1"]

1. e4 c5 2. c3 d5 3. exd5 Qxd5 4. d4 cxd4 5. cxd4 Nf6 6. Nc3 Qd8 7. Nf3 Bg4 8. Bb5+ Nbd7 9. 0-0 e6 10. d5 a6 11. dxe6 Bxe6 12. Be2 Bc5 13. Bg5 0-0 14. Ne4 Be7 15. Nxf6+ Bxf6 16. Bxf6 Nxf6 17. Nd4 Qd7 18. Nxe6 Qxe6 19. Bf3 Rad8 20. Qe1 Qb6 21. b3 Rfe8 22. Qc3 Rc8 23. Qb2 Qc7 24. g3 b5 25. Rac1 Qe7 26. Rxc8 Rxc8 27. Qd4 Qc7 28. Rd1 h6 29. Rd2 a5 1/2-1/2

[Event "Dortmund Sparkassen op-B"]
[Site "Dortmund"]
[Date "2008.07.01"]
[Round "2"]
[White "Ziperstein, Jakob"]
[Black "Hennrotte, Nils"]
[Result "1-0"]
[WhiteElo "1782"]
[BlackElo "1473"]
[PlyCount "75"]
[EventDate "2008.06.30"]
[EventType "swiss"]
[EventRounds "9"]
[EventCountry "GER"]
[SourceTitle "EXT 2022"]
[Source "ChessBase"]
[SourceDate "2021.10.06"]
[SourceVersion "1"]
[SourceVersionDate "2021.10.06"]
[SourceQuality "1"]

1. e4 e6 2. Nf3 d5 3. exd5 exd5 4. d4 Nc6 5. Be2 Bd6 6. 0-0 Nge7 7. c3 Bg4 8. h3 Bh5 9. Re1 Qd7 10. b4 f6 11. Nbd2 g5 12. Nh2 Bxe2 13. Qxe2 h5 14. Nb3 b6 15. a4 Kf7 16. b5 Nd8 17. Ba3 Ne6 18. g3 Rae8 19. Nd2 h4 20. g4 Nf4 21. Qf3 Rhf8 22. Nhf1 Bxa3 23. Rxa3 Qd6 24. Raa1 Neg6 25. Ne3 Ne7 26. Ndf1 Qd7 27. Ng2 Nxg2 28. Kxg2 Ng6 29. Ne3 Nf4+ 30. Kf1 Re6 31. Ng2 Nxg2 32. Kxg2 Rfe8 33. Qf5 Ke7 34. a5 Kd8 35. axb6 Rxe1 36. Rxe1 Rxe1 37. b7 Qxf5 38. b8Q+ 1-0

[Event "Dortmund Sparkassen op-B"]
[Site "Dortmund"]
[Date "2008.06.30"]
[Round "1"]
[White "Hennrotte, Nils"]
[Black "Henkemeier, Michael"]
[Result "1/2-1/2"]
[WhiteElo "1473"]
[BlackElo "1896"]
[PlyCount "70"]
[EventDate "2008.06.30"]
[EventType "swiss"]
[EventRounds "9"]
[EventCountry "GER"]
[SourceTitle "EXT 2022"]
[Source "ChessBase"]
[SourceDate "2021.10.06"]
[SourceVersion "1"]
[SourceVersionDate "2021.10.06"]
[SourceQuality "1"]

1. e4 Nf6 2. Nc3 d5 3. exd5 Nxd5 4. Nf3 Bg4 5. Bc4 e6 6. 0-0 Nxc3 7. bxc3 Be7 8. d4 0-0 9. Rb1 b6 10. Bd3 Nd7 11. Re1 Nf6 12. c4 Bxf3 13. gxf3 Qd6 14. Kh1 Rfd8 15. c3 Rac8 16. Qe2 c5 17. d5 Bf8 18. Bg5 exd5 19. cxd5 Re8 20. Be4 Nxd5 21. Qd3 Nf6 22. Qxd6 Bxd6 23. Bxf6 gxf6 24. Rg1+ Kh8 25. Rg4 Rg8 26. Rbg1 b5 27. Rh4 Rxg1+ 28. Kxg1 Rg8+ 29. Kf1 Rg7 30. f4 Kg8 31. Ke2 a5 32. Kf3 b4 33. c4 a4 34. Bc2 a3 35. h3 Kf8 1/2-1/2